Statistics for Name The NBA Player

Click here to take the quiz!

General Stats

  • This quiz has been taken 27 times
  • The average score is 7 of 16

Answer Stats

Answer% Correct
Michael Jordan
100%
John Stockton
85%
Magic Johnson
85%
David Robinson
81%
Robin Lopez
69%
Jonathan Kuminga
50%
Dario Saric
42%
Killian Hayes
42%
Robert Horry
42%
Matthew Dellavedova
38%
Sam Jones
27%
Len Bias
15%
Wilt Chamberlin
12%
Jerry Lucas
8%
Tre Mann
8%
Dave Debusschere
4%

Score Distribution

Percentile by Number Answered

Percent of People with Each Score

Your Score History

You have not taken this quiz